European Geography By Letter J - Picture Quiz - Statistics

General Stats
  • This quiz has been taken 887 times
  • The average score is 6 of 18
Answer Stats
Picture Hint Answer % Correct
(peninsula) Jutland
88%
(team) Juventus
77%
(dependency) Jersey
71%
(animal) Jackal
55%
(Roman goddess) Juno
51%
(plant) Juniper
46%
{Jerez} de la Frontera
38%
Temple of {Jupiter} Optimus Maximus
38%
(mountain range) Jura
30%
(monument) Joan of Arc
26%
(mountain range) {Julian} Alps
21%
(summit) Jungfrau
11%
(city) Jena
10%
(province) Jämtland
7%
(city) Jönköping
7%
(animal) Jaeger
4%
(animal) Jack Snipe
3%
(plant) {Judas} Tree
3%
No matching quizzes found
Score Distribution
Percent of People with Each Score
Percentile by Number Answered
Your Score History
You have not taken this quiz